Zwierzęta z kolorem w ich nazwach - Statystyki

Ogólne statystyki
  • Ten quiz został rozwiązany 1 770 razy
  • Średni wynik to 5 z 16
Statystyki odpowiedzi
Obrazkowy Odpowiedź % Poprawnych
Żarłacz biały
82%
Wilk szary
75%
Niedźwiedź czarny
65%
Panda ruda
61%
Płetwal błękitny
61%
Wiewiórka szara
33%
Mamba czarna
26%
Papuga szara
22%
Legwan zielony
17%
Tuńczyk błękitny
13%
Głuptak niebieskonogi
10%
Czapla modra
5%
Modrosójka błękitna
5%
Piękniś pomidorowy
5%
Mulak białoogonowy
4%
Zebrasoma żółta
4%
Nie znaleziono quizów pasujących do podanych kryteriów
Rozkład punktacji
Procent ludzi z każdym wynikiem
Percentyl według liczby udzielonych odpowiedzi
Twoja historia wyników
Nie rozwiązałeś tego quizu